Thiết kế thành phần bê tông

Đã lưu trong:
书目详细资料
主要作者: Phạm, Huy Chính
格式: 图书
语言:Undetermined
出版: Hà Nội Xây dựng 2007
主题:
标签: 添加标签
没有标签, 成为第一个标记此记录!
Thư viện lưu trữ: Trung tâm Học liệu Trường Đại học Cần Thơ
LEADER 00544nam a2200193Ia 4500
001 CTU_129263
008 210402s9999 xx 000 0 und d
020 |c 36000 
082 |a 666.893 
082 |b Ch312 
100 |a Phạm, Huy Chính 
245 0 |a Thiết kế thành phần bê tông 
245 0 |c Phạm Huy Chính 
260 |a Hà Nội 
260 |b Xây dựng 
260 |c 2007 
650 |a Concrete construction,Buiding materials 
904 |i Minh 
980 |a Trung tâm Học liệu Trường Đại học Cần Thơ